[Event "Benidorm 2003 - sub2300"]
[Site "Benidorm ESP"]
[Date "2003.11.24"]
[Round "4.2"]
[White "Madina, Martin"]
[Black "Gonzalez Valero, Julio"]
[Result "0-1"]
[WhiteElo "2262"]
[BlackElo "2231"]
[PlyCount "88"]
[EventDate "2003.11.21"]
[EventType "swiss"]
[EventRounds "9"]
[EventCountry "ESP"]
[Source "lmi"]
[SourceDate "2003.11.21"]

1. Nf3 d5 2. d3 Bg4 3. Nbd2 Nd7 4. e4 e6 5. h3 Bh5 6. g4 Bg6 7. Bg2 Bd6 8. Qe2
c6 9. e5 Bc5 10. Nb3 Bb6 11. Bg5 Qc7 12. a4 a6 13. Be3 c5 14. c4 Ne7 15. Bf4 h5
16. Nh4 dxc4 17. dxc4 O-O-O 18. O-O-O Bh7 19. Rd6 Nb8 20. Nf3 Nbc6 21. Ng5 Bg6
22. Ne4 Nb4 23. Rhd1 Nec6 24. Bg5 Rxd6 25. exd6 Qd7 26. Bf4 e5 27. Bd2 hxg4 28.
hxg4 Rh2 29. Bf3 Rxf2 30. Qe3 Nd4 31. Nxd4 exd4 32. Qb3 Bxe4 33. Bxe4 Qxd6 34.
Bf5+ Kb8 35. Kb1 Ka7 36. Be1 Rf1 37. Bxb4 Rxd1+ 38. Qxd1 cxb4 39. Be4 Qg3 40.
Bd5 f6 41. Bf3 Qf2 42. Qd3 Qe3 43. Qf5 b3 44. Ka1 d3 0-1

[Event "Benidorm 2003 - sub2300"]
[Site "Benidorm ESP"]
[Date "2003.11.24"]
[Round "4.3"]
[White "Lada, Ireneusz"]
[Black "De la Fuente Gonzalez, Francisco"]
[Result "1/2-1/2"]
[WhiteElo "2192"]
[BlackElo "2260"]
[PlyCount "68"]
[EventDate "2003.11.21"]
[EventType "swiss"]
[EventRounds "9"]
[EventCountry "ESP"]
[Source "lmi"]
[SourceDate "2003.11.21"]

1. c4 e6 2. Nf3 Nf6 3. g3 Be7 4. Bg2 O-O 5. O-O d5 6. b3 Nbd7 7. Bb2 b6 8. cxd5
Nxd5 9. Nd4 Bb7 10. d3 c5 11. Nc2 Bf6 12. d4 cxd4 13. Nxd4 Nc5 14. Na3 Qd7 15.
Qd2 Rfd8 16. Rfd1 Ne7 17. Qe1 Bxg2 18. Kxg2 Qb7+ 19. Kg1 Rd7 20. Nc4 Rad8 21.
Nf3 Bxb2 22. Nxb2 Rxd1 23. Rxd1 Rxd1 24. Qxd1 Qd5 25. Qc2 Qe4 26. Qd1 Qd5 27.
Qc2 Nc6 28. h4 h6 29. Nc4 Nd4 30. Nxd4 Qxd4 31. Qd2 Qxd2 32. Nxd2 Kf8 33. Kf1
Ke7 34. e4 e5 1/2-1/2

[Event "Benidorm 2003 - sub2300"]
[Site "Benidorm ESP"]
[Date "2003.11.24"]
[Round "4.4"]
[White "Lacrosse, Marc"]
[Black "Radovanovic, Jovica"]
[Result "1-0"]
[WhiteElo "2255"]
[BlackElo "2219"]
[PlyCount "89"]
[EventDate "2003.11.21"]
[EventType "swiss"]
[EventRounds "9"]
[EventCountry "ESP"]
[Source "lmi"]
[SourceDate "2003.11.21"]

1. d4 Nf6 2. c4 g6 3. Nc3 Bg7 4. e4 d6 5. Nf3 O-O 6. Be2 e5 7. dxe5 dxe5 8.
Qxd8 Rxd8 9. Bg5 Na6 10. Nd5 Rd6 11. Nxf6+ Bxf6 12. Bxf6 Rxf6 13. Nxe5 Re6 14.
f4 Nc5 15. O-O-O Re8 16. Bf3 f6 17. Nd3 Nxe4 18. Rhe1 Nd6 19. c5 Rxe1 20. Rxe1
Nf5 21. Re8+ Kf7 22. Rh8 Kg7 23. Rd8 Ne7 24. Kd2 a5 25. b3 Ra7 26. a3 Be6 27.
Kc3 Nc6 28. Bxc6 bxc6 29. Rb8 Kf7 30. Kd4 h5 31. h4 Bd5 32. f5 g5 33. g3 Kg7
34. Nf2 Bg2 35. Ke3 Kf7 36. Kd4 Kg7 37. Nd1 Bd5 38. Ne3 Bf3 39. hxg5 fxg5 40.
Ke5 h4 41. f6+ Kh7 42. gxh4 gxh4 43. Nf5 h3 44. Nh6 Kg6 45. f7 1-0

[Event "Benidorm 2003 - sub2300"]
[Site "Benidorm ESP"]
[Date "2003.11.24"]
[Round "4.5"]
[White "Kutuzov, Denis"]
[Black "Fossum, Oystein Boyum"]
[Result "1/2-1/2"]
[WhiteElo "2249"]
[BlackElo "2098"]
[PlyCount "144"]
[EventDate "2003.11.21"]
[EventType "swiss"]
[EventRounds "9"]
[EventCountry "ESP"]
[Source "lmi"]
[SourceDate "2003.11.21"]

1. e4 c5 2. Nf3 g6 3. c3 d5 4. exd5 Qxd5 5. d4 Bg7 6. Be3 cxd4 7. cxd4 Nf6 8.
Nc3 Qa5 9. Bc4 O-O 10. Qb3 Ne4 11. O-O Nd6 12. Be2 Be6 13. d5 Bg4 14. Bg5 Re8
15. Nb5 Bxf3 16. Nxd6 exd6 17. Bxf3 Nd7 18. Be3 Nc5 19. Bxc5 Qxc5 20. Qxb7 Rab8
21. Qc6 Rec8 22. Qd7 Bxb2 23. Rae1 Rc7 24. Qa4 Kg7 25. g3 Qa3 26. Qxa3 Bxa3 27.
Re2 Rc3 28. Kg2 Rb2 29. Rfe1 Rxe2 30. Rxe2 Bc5 31. h3 h5 32. Be4 Rc4 33. Bf3 a5
34. Re4 Rc2 35. Re2 Rc3 36. Re4 Ra3 37. Re2 a4 38. Rd2 Rc3 39. Bd1 a3 40. Bf3
Rc1 41. Be4 Kf6 42. Re2 Rd1 43. Bf3 Rb1 44. Be4 Rb4 45. Bd3 h4 46. gxh4 Rxh4
47. Re4 Rh8 48. Rf4+ Kg7 49. Bc4 Re8 50. Kf1 Re5 51. Bb3 Rh5 52. Kg2 Rg5+ 53.
Kf1 Re5 54. Bc4 Bb4 55. Be2 Bc5 56. Bc4 Re7 57. Bb3 Rb7 58. Ke2 Rb8 59. Kf1 Rc8
60. Kg2 Re8 61. Kf1 Rb8 62. Kg2 Re8 63. Kf1 f5 64. Rc4 Kf6 65. Rc2 Re4 66. Re2
Re5 67. Rxe5 Kxe5 68. Ke2 Kf4 69. Ba4 g5 70. Bc2 Bb6 71. Bb3 Bc5 72. Bc2 Bb6
1/2-1/2

[Event "Benidorm 2003 - sub2300"]
[Site "Benidorm ESP"]
[Date "2003.11.24"]
[Round "4.6"]
[White "Pallardo Lozoya, Jose Vicente"]
[Black "Panic, Nikola"]
[Result "1/2-1/2"]
[WhiteElo "2117"]
[BlackElo "2236"]
[PlyCount "89"]
[EventDate "2003.11.21"]
[EventType "swiss"]
[EventRounds "9"]
[EventCountry "ESP"]
[Source "lmi"]
[SourceDate "2003.11.21"]

1. e4 e6 2. d3 d5 3. Nd2 Nf6 4. Ngf3 Bc5 5. e5 Nfd7 6. c3 Be7 7. b4 a5 8. b5 c6
9. a4 Qc7 10. d4 f6 11. exf6 Nxf6 12. Bd3 cxb5 13. Bxb5+ Nbd7 14. Ba3 Bxa3 15.
Rxa3 O-O 16. Qe2 Nb8 17. O-O Nc6 18. Re1 Bd7 19. Rb3 Rae8 20. Ne5 Bc8 21. f4
Nd7 22. Nxd7 Bxd7 23. g3 Re7 24. Nf3 Be8 25. Ng5 Rf6 26. Kg2 h6 27. Nh3 Bg6 28.
Nf2 Rf8 29. Bd3 Be8 30. Bc2 g6 31. Bd3 Na7 32. Ra3 h5 33. Nh3 Nc8 34. Ng5 Rf6
35. Rb1 Qd6 36. Rab3 b6 37. Bb5 Bxb5 38. Qxb5 Qc7 39. Re1 Kg7 40. Nf3 Qd7 41.
Qxd7 Rxd7 42. Kf2 Rc7 43. Ke2 Rc4 44. Ra1 Rf8 45. Ne5 1/2-1/2

[Event "Benidorm 2003 - sub2300"]
[Site "Benidorm ESP"]
[Date "2003.11.24"]
[Round "4.7"]
[White "Ceballos Hornero, Daniel"]
[Black "Rouzaud, Philippe"]
[Result "1/2-1/2"]
[WhiteElo "2207"]
[BlackElo "2284"]
[PlyCount "93"]
[EventDate "2003.11.21"]
[EventType "swiss"]
[EventRounds "9"]
[EventCountry "ESP"]
[Source "lmi"]
[SourceDate "2003.11.21"]

1. c4 Nf6 2. Nc3 e6 3. e4 d5 4. cxd5 exd5 5. e5 d4 6. exf6 dxc3 7. Qe2+ Be6 8.
dxc3 Nc6 9. Bg5 gxf6 10. Rd1 Qe7 11. Bf4 Rd8 12. Rxd8+ Kxd8 13. b3 Bg7 14. Qe3
Re8 15. Bb5 Bxb3 16. Bxc6 bxc6 17. axb3 Qa3 18. Ne2 Rxe3 19. Bxe3 Qa1+ 20. Bc1
Qa2 21. b4 f5 22. f3 Kc8 23. Rf1 Qc2 24. Bd2 c5 25. f4 Qb1+ 26. Kf2 Qd3 27. Rd1
c4 28. Ke1 Bf6 29. Ra1 Kb7 30. Ra5 c6 31. g3 a6 32. Rc5 h5 33. h4 Bg7 34. Ra5
f6 35. Bc1 Bf8 36. Kf2 Bd6 37. Be3 Qc2 38. Bd4 Bc7 39. Ra1 Bd8 40. Bc5 Qd3 41.
Ra2 Qd1 42. Be3 Bb6 43. Bxb6 Kxb6 44. Ra5 Qc2 45. Ke1 Qd3 46. Kf2 Qc2 47. Ke1
1/2-1/2

[Event "Benidorm 2003 - sub2300"]
[Site "Benidorm ESP"]
[Date "2003.11.24"]
[Round "4.8"]
[White "Castillo Gallego, Sergio"]
[Black "Rodriguez Cordon, Luis"]
[Result "1-0"]
[WhiteElo "2204"]
[BlackElo "2271"]
[PlyCount "77"]
[EventDate "2003.11.21"]
[EventType "swiss"]
[EventRounds "9"]
[EventCountry "ESP"]
[Source "lmi"]
[SourceDate "2003.11.21"]

1. e4 c5 2. Nf3 Nc6 3. Nc3 g6 4. Bb5 Bg7 5. O-O Nd4 6. Nxd4 cxd4 7. Ne2 a6 8.
Ba4 b5 9. Bb3 Bb7 10. d3 d5 11. exd5 Bxd5 12. Bxd5 Qxd5 13. a4 b4 14. a5 Rb8
15. Bd2 Qd7 16. b3 Nf6 17. Ra4 Nd5 18. Nf4 Nc3 19. Bxc3 bxc3 20. Qf3 e6 21. Rc4
O-O 22. Qc6 Qd8 23. Ra1 Qg5 24. g3 Ra8 25. Qf3 h5 26. Rc7 h4 27. Kg2 Qd8 28.
Rb7 hxg3 29. hxg3 Rb8 30. Ra4 Qd6 31. Rc4 e5 32. Rc6 Qa3 33. Rxb8 Rxb8 34. Nd5
Re8 35. Rc7 f5 36. Nf6+ Bxf6 37. Qd5+ Kh8 38. Qf7 Qe7 39. Rxe7 1-0

[Event "Benidorm 2003 - sub2300"]
[Site "Benidorm ESP"]
[Date "2003.11.24"]
[Round "4.9"]
[White "Gabaldon Gomez, Miguel Angel"]
[Black "Manea, Alexandru"]
[Result "0-1"]
[WhiteElo "2186"]
[BlackElo "2265"]
[PlyCount "121"]
[EventDate "2003.11.21"]
[EventType "swiss"]
[EventRounds "9"]
[EventCountry "ESP"]
[Source "lmi"]
[SourceDate "2003.11.21"]

1. d4 d5 2. Nf3 c6 3. c4 Nf6 4. Nc3 dxc4 5. a4 Bf5 6. Ne5 Nbd7 7. Nxc4 Nd5 8.
e3 Qc7 9. Be2 e6 10. O-O Be7 11. Bd2 O-O 12. Rc1 Rac8 13. Qb3 N7f6 14. a5 Qb8
15. Ne5 Bd6 16. f4 Nxc3 17. Bxc3 Be4 18. Bb4 Bxb4 19. Qxb4 Nd5 20. Qa3 Rcd8 21.
a6 f6 22. Nc4 Rf7 23. Na5 Qc7 24. Nxb7 Rb8 25. Nd6 Rxb2 26. Rf2 Ra2 27. Qc5 Bg6
28. e4 Nxf4 29. Rxf4 Rxe2 30. Qxc6 Qxc6 31. Rxc6 Rf8 32. Kf1 Ra2 33. Rf2 Ra1+
34. Ke2 Rb8 35. Ke3 Ra3+ 36. Kf4 h6 37. Nb7 Be8 38. Rxe6 Bd7 39. Nc5 Bxe6 40.
Nxe6 Rxa6 41. d5 Kf7 42. Rc2 Rxe6 43. dxe6+ Kxe6 44. Rc6+ Kd7 45. Ra6 Rb7 46.
h4 Kc8 47. Kf5 Re7 48. g4 Kb7 49. Ra1 Re5+ 50. Kf4 a5 51. Rd1 Kc6 52. Rd8 Re7
53. Ra8 Kb5 54. Rb8+ Kc4 55. Ra8 Kb4 56. Rb8+ Ka3 57. Ke3 a4 58. Kd4 Ka2 59.
Rb4 a3 60. g5 hxg5 61. hxg5 0-1

[Event "Benidorm 2003 - sub2300"]
[Site "Benidorm ESP"]
[Date "2003.11.24"]
[Round "4.10"]
[White "Ortells Perez, Victor"]
[Black "De la Cruz Sanchez, C Gustavo"]
[Result "0-1"]
[WhiteElo "2201"]
[BlackElo "2259"]
[PlyCount "54"]
[EventDate "2003.11.21"]
[EventType "swiss"]
[EventRounds "9"]
[EventCountry "ESP"]
[Source "lmi"]
[SourceDate "2003.11.21"]

1. e4 e5 2. Nf3 Nc6 3. Nc3 Nf6 4. g3 d5 5. exd5 Nxd5 6. Bg2 Nxc3 7. bxc3 Be7 8.
O-O O-O 9. Re1 Bf6 10. Rb1 Rb8 11. Qe2 Be6 12. c4 Qd7 13. d3 Rfe8 14. Qf1 h6
15. h3 Bf5 16. Nd2 Nd4 17. Rb2 Nxc2 18. Ne4 Nxe1 19. Nxf6+ gxf6 20. Qxe1 Qxd3
21. Bxh6 Red8 22. Kh2 Qxc4 23. Re2 Rd6 24. f4 Bd3 25. Rf2 Re8 26. f5 Red8 27.
Qe3 Kh7 0-1

[Event "Benidorm 2003 - sub2300"]
[Site "Benidorm ESP"]
[Date "2003.11.24"]
[Round "4.11"]
[White "Sanchez Criado, Lluis"]
[Black "Varas, Carlos"]
[Result "0-1"]
[WhiteElo "2180"]
[BlackElo "2254"]
[PlyCount "170"]
[EventDate "2003.11.21"]
[EventType "swiss"]
[EventRounds "9"]
[EventCountry "ESP"]
[Source "lmi"]
[SourceDate "2003.11.21"]

1. d4 Nf6 2. c4 e6 3. Nf3 b6 4. g3 Bb7 5. Bg2 Be7 6. O-O O-O 7. Nc3 d5 8. Ne5
Qc8 9. cxd5 Nxd5 10. Nxd5 exd5 11. Qb3 Rd8 12. e4 Qe6 13. exd5 Bxd5 14. Bxd5
Qxd5 15. Qxd5 Rxd5 16. Be3 f6 17. Nf3 Na6 18. Rac1 Rb5 19. Rc2 Rd8 20. Rfc1 Kf7
21. a3 c5 22. Kg2 g5 23. g4 h6 24. Rc4 Rxb2 25. Ra4 Nc7 26. dxc5 Nd5 27. Bd4
Rb3 28. Ne1 b5 29. Rxa7 Nf4+ 30. Kf1 Rxd4 31. c6 Rd8 32. Nc2 Rc3 33. Re1 Ne6
34. Nb4 Rd2 35. Kg1 Rd4 36. Kf1 Rc5 37. h3 Rdc4 38. Re3 Rxb4 39. axb4 Rxc6 40.
Rb7 Rc1+ 41. Kg2 Rc4 42. Rxb5 Bxb4 43. Rb7+ Be7 44. Kf1 Rc1+ 45. Kg2 Rc7 46.
Rxc7 Nxc7 47. Rb3 Nd5 48. h4 Nf4+ 49. Kf3 Ne6 50. Kg2 gxh4 51. Kh3 Nd4 52. Rd3
Ne6 53. Rb3 Ng5+ 54. Kxh4 Kg6 55. f4 Nf7 56. f5+ Kg7 57. Rb7 Bd6 58. Rd7 Bf4
59. Kh5 Be3 60. Rb7 Bf4 61. Ra7 Be5 62. Rb7 Bd6 63. Ra7 Bf8 64. Rb7 Bd6 65. Ra7
Bf4 66. Rb7 Be3 67. Rc7 Bg5 68. Rb7 Kf8 69. Rb8+ Ke7 70. Rb7+ Ke8 71. Ra7 Ne5
72. Rb7 Nd7 73. Rc7 Ke7 74. Rb7 Kd6 75. Ra7 Nc5 76. Rh7 Nd3 77. Kg6 Nf4+ 78.
Kg7 Ke5 79. Rh8 Nd5 80. Kg6 Ke4 81. Ra8 Nf4+ 82. Kf7 Kf3 83. Ra6 Kxg4 84. Rxf6
Bxf6 85. Kxf6 h5 0-1

[Event "Benidorm 2003 - sub2300"]
[Site "Benidorm ESP"]
[Date "2003.11.24"]
[Round "4.12"]
[White "Martin Martin, Luis Vicente"]
[Black "Fenollar Jorda, Manuel"]
[Result "0-1"]
[WhiteElo "2168"]
[BlackElo "2251"]
[PlyCount "48"]
[EventDate "2003.11.21"]
[EventType "swiss"]
[EventRounds "9"]
[EventCountry "ESP"]
[Source "lmi"]
[SourceDate "2003.11.21"]

1. e4 e5 2. Nf3 Nc6 3. Bb5 a6 4. Ba4 b5 5. Bb3 Nf6 6. d4 exd4 7. e5 Ne4 8. Bd5
Nc5 9. Nxd4 Bb7 10. Nxc6 dxc6 11. Bf3 Qh4 12. O-O Nd7 13. Qe2 O-O-O 14. e6 fxe6
15. Qxe6 Bd6 16. g3 Qf6 17. Qxf6 Nxf6 18. Nc3 c5 19. Bxb7+ Kxb7 20. Bg5 Be5 21.
Ne4 Nxe4 22. Bxd8 Rxd8 23. Rae1 Nd2 24. Rd1 Rd6 0-1

[Event "Benidorm 2003 - sub2300"]
[Site "Benidorm ESP"]
[Date "2003.11.24"]
[Round "4.13"]
[White "Babataeva, Indira"]
[Black "Rodriguez Gonzalez, Javier"]
[Result "1-0"]
[WhiteElo "2122"]
[BlackElo "2249"]
[PlyCount "55"]
[EventDate "2003.11.21"]
[EventType "swiss"]
[EventRounds "9"]
[EventCountry "ESP"]
[Source "lmi"]
[SourceDate "2003.11.21"]

1. e4 e6 2. d4 d5 3. Nc3 Bb4 4. Nge2 dxe4 5. a3 Be7 6. Nxe4 Nd7 7. N2g3 Ngf6 8.
Be2 O-O 9. c4 Nxe4 10. Nxe4 c6 11. O-O Nf6 12. Bf3 Nxe4 13. Bxe4 Bf6 14. Be3 g6
15. Qd2 Qc7 16. Rfd1 b6 17. d5 exd5 18. cxd5 Qe7 19. Qb4 c5 20. Qc4 Bb7 21.
Rab1 Rfd8 22. Bf3 Rd6 23. Bf4 Rdd8 24. Re1 Qd7 25. b3 Bxd5 26. Bxd5 Qxd5 27.
Re8+ Kg7 28. Qxd5 1-0

[Event "Benidorm 2003 - sub2300"]
[Site "Benidorm ESP"]
[Date "2003.11.24"]
[Round "4.14"]
[White "Alonso Moyano, Jonathan"]
[Black "Llavador Moron, Juan Jose"]
[Result "1/2-1/2"]
[WhiteElo "2244"]
[BlackElo "2108"]
[PlyCount "66"]
[EventDate "2003.11.21"]
[EventType "swiss"]
[EventRounds "9"]
[EventCountry "ESP"]
[Source "lmi"]
[SourceDate "2003.11.21"]

1. e4 c5 2. Nf3 Nc6 3. Bb5 g6 4. O-O Bg7 5. c3 Nf6 6. d3 O-O 7. h3 Qc7 8. Be3
a6 9. Ba4 b5 10. Bc2 d6 11. a3 Bb7 12. Nbd2 Rac8 13. Rc1 Ba8 14. Re1 Qb7 15.
Nf1 Rfd8 16. Qd2 d5 17. e5 Nxe5 18. Nxe5 d4 19. f4 dxe3 20. Nxe3 Nh5 21. Qf2
Bh6 22. f5 Bf4 23. fxg6 fxg6 24. d4 Rf8 25. Qd2 Bg3 26. Rf1 Nf4 27. Nf3 Nxh3+
28. gxh3 Rxf3 29. d5 Rf6 30. Rxf6 exf6 31. Rf1 Be5 32. Be4 Re8 33. Bg2 a5
1/2-1/2

[Event "Benidorm 2003 - sub2300"]
[Site "Benidorm ESP"]
[Date "2003.11.24"]
[Round "4.15"]
[White "Mogranzini, Roberto"]
[Black "Cardenas Valero, Joaquin"]
[Result "1/2-1/2"]
[WhiteElo "2172"]
[BlackElo "2299"]
[PlyCount "115"]
[EventDate "2003.11.21"]
[EventType "swiss"]
[EventRounds "9"]
[EventCountry "ESP"]
[Source "lmi"]
[SourceDate "2003.11.21"]

1. e4 c5 2. Nf3 Nc6 3. d4 cxd4 4. Nxd4 Nf6 5. Nc3 d6 6. Be2 a6 7. O-O e5 8. Nf3
Be7 9. Bg5 Be6 10. Qd2 Qc7 11. Rfd1 Rd8 12. a4 h6 13. Bxf6 Bxf6 14. Nd5 Bxd5
15. Qxd5 O-O 16. c3 Ne7 17. Qb3 Qc6 18. Nd2 Bg5 19. Bf3 b5 20. g3 Rb8 21. h4
Bxd2 22. Rxd2 Qc5 23. axb5 axb5 24. Ra6 Rfd8 25. Qb4 Qxb4 26. cxb4 Nc8 27. Rd5
Nb6 28. Rd1 Kf8 29. b3 Ke7 30. Ra5 g6 31. h5 Nd7 32. hxg6 fxg6 33. Rd5 Rdc8 34.
Ra7 h5 35. Be2 Ke6 36. Rxb5 Nb6 37. Ra6 Nd7 38. Bc4+ Ke7 39. Ra7 Kd8 40. Rd5
Rb6 41. Rda5 Rxb4 42. Kg2 Rc7 43. f3 Rxa7 44. Rxa7 Nc5 45. Ra3 Ke7 46. Kh3 g5
47. Kg2 g4 48. Kf2 gxf3 49. Kxf3 Kf6 50. Ke3 Kg5 51. Kf3 Rb8 52. Bd5 Rb4 53.
Bc4 Rb8 54. Bd5 Rb6 55. Bc4 Kf6 56. Ke3 Rb8 57. Kf3 Kg5 58. Bd5 1/2-1/2

[Event "Benidorm 2003 - sub2300"]
[Site "Benidorm ESP"]
[Date "2003.11.24"]
[Round "4.16"]
[White "Borras Duran, Pere"]
[Black "Ferron Garcia, Carlos"]
[Result "0-1"]
[WhiteElo "2170"]
[BlackElo "2279"]
[PlyCount "86"]
[EventDate "2003.11.21"]
[EventType "swiss"]
[EventRounds "9"]
[EventCountry "ESP"]
[Source "lmi"]
[SourceDate "2003.11.21"]

1. d4 d5 2. Bf4 Nc6 3. e3 e6 4. Nf3 Bd6 5. Bg3 Nge7 6. Bd3 Nb4 7. Be2 c5 8.
Nbd2 O-O 9. O-O Bxg3 10. hxg3 cxd4 11. exd4 Nbc6 12. Bd3 Nb4 13. Bxh7+ Kxh7 14.
Ng5+ Kg6 15. Ndf3 f6 16. Nh4+ Kh6 17. Nh3 g5 18. Qd2 Nbc6 19. Nf3 Kg7 20. Nh2
e5 21. dxe5 Nxe5 22. f4 Nc4 23. Qe2 Bxh3 24. gxh3 Qb6+ 25. Rf2 Ng6 26. b3 Nd6
27. Kh1 Qd4 28. Rd1 Qe4+ 29. Qxe4 Nxe4 30. Rf3 gxf4 31. Rxd5 Nxg3+ 32. Kg1 Ne5
33. Rf2 Rad8 34. Rfd2 Rxd5 35. Rxd5 Rf7 36. Kg2 Nf5 37. Rd8 Ne3+ 38. Kf2 Nxc2
39. Nf3 Nxf3 40. Kxf3 Nb4 41. a3 Nc6 42. Rd6 Ne5+ 43. Kxf4 Rc7 0-1

[Event "Benidorm 2003 - sub2300"]
[Site "Benidorm ESP"]
[Date "2003.11.24"]
[Round "4.17"]
[White "Lopez Pereyra, Antonio"]
[Black "Goormachtigh, Johan"]
[Result "0-1"]
[WhiteElo "2159"]
[BlackElo "2266"]
[PlyCount "90"]
[EventDate "2003.11.21"]
[EventType "swiss"]
[EventRounds "9"]
[EventCountry "ESP"]
[Source "lmi"]
[SourceDate "2003.11.21"]

1. e4 c5 2. Nf3 d6 3. d4 cxd4 4. Nxd4 Nf6 5. Nc3 g6 6. Be2 Bg7 7. O-O O-O 8.
Kh1 Nc6 9. Nb3 Be6 10. Bg5 Na5 11. f4 Nc4 12. f5 Nxb2 13. Qc1 Bd7 14. Qxb2 Nxe4
15. f6 Nxf6 16. Bxf6 exf6 17. Nd5 f5 18. c3 Bc6 19. Bf3 Rc8 20. Nd4 Re8 21.
Rad1 Qh4 22. g3 Qg5 23. Bg2 h5 24. Nf3 Qd8 25. Qb4 a5 26. Qf4 Re4 27. Qg5 Bxd5
28. Qxd8+ Rxd8 29. Rxd5 Bxc3 30. Rc1 Bb4 31. Rc7 Rde8 32. h4 R8e7 33. Rxe7 Rxe7
34. Rb5 Kg7 35. Ng5 f6 36. Nh3 Kh6 37. Bxb7 Re5 38. Bd5 g5 39. Kg2 Bc5 40. Bb3
Re2+ 41. Kh1 f4 42. hxg5+ fxg5 43. gxf4 g4 44. Ng5 g3 45. Bd5 Rh2# 0-1

[Event "Benidorm 2003 - sub2300"]
[Site "Benidorm ESP"]
[Date "2003.11.24"]
[Round "4.18"]
[White "Varga, Mariano"]
[Black "Aalbersberg Kroon, Pedro"]
[Result "0-1"]
[WhiteElo "2266"]
[BlackElo "2165"]
[PlyCount "72"]
[EventDate "2003.11.21"]
[EventType "swiss"]
[EventRounds "9"]
[EventCountry "ESP"]
[Source "lmi"]
[SourceDate "2003.11.21"]

1. e4 e5 2. Nf3 Nc6 3. Bc4 Nf6 4. Ng5 d5 5. exd5 b5 6. dxc6 bxc4 7. Qe2 Bd6 8.
Qxc4 O-O 9. Nc3 a5 10. d3 h6 11. Nge4 Be6 12. Nxf6+ Qxf6 13. Qe4 Bf5 14. Qe2
Qg6 15. f3 Bb4 16. Bd2 Qxc6 17. O-O-O Rfe8 18. g4 Bh7 19. g5 hxg5 20. Rdg1 g4
21. a3 Bc5 22. Rxg4 Bd4 23. Qg2 e4 24. fxe4 Rab8 25. Rg1 Bg6 26. Rxg6 fxg6 27.
Qxg6 Re6 28. Qg4 Bxg1 29. Qxg1 Rg6 30. Qd4 Kh7 31. Nd5 Rg2 32. Bc3 Rf8 33. Kb1
Rf1+ 34. Ka2 Rgg1 35. b3 Ra1+ 36. Bxa1 Qxc2+ 0-1

[Event "Benidorm 2003 - sub2300"]
[Site "Benidorm ESP"]
[Date "2003.11.24"]
[Round "4.19"]
[White "Ballesteros Gonzalez, David"]
[Black "Ilmoni, Tommy"]
[Result "1/2-1/2"]
[WhiteElo "2259"]
[BlackElo "2150"]
[PlyCount "138"]
[EventDate "2003.11.21"]
[EventType "swiss"]
[EventRounds "9"]
[EventCountry "ESP"]
[Source "lmi"]
[SourceDate "2003.11.21"]

1. d4 Nf6 2. Nf3 d5 3. c4 c6 4. e3 g6 5. Nc3 Bg7 6. h3 O-O 7. Bd3 Nbd7 8. O-O
Re8 9. Qb3 Nb6 10. cxd5 Nfxd5 11. a4 a5 12. Nxd5 Nxd5 13. e4 Nb4 14. Bc4 e6 15.
Bg5 Qc7 16. e5 h6 17. Bd2 Qe7 18. Be3 Bd7 19. Qd1 Nd5 20. Bxd5 exd5 21. Qd2 Kh7
22. Ne1 Bf8 23. Nd3 Bf5 24. f4 Be4 25. Nc5 f5 26. exf6 Qxf6 27. Nd7 Qg7 28. Ne5
Bb4 29. Qf2 Rf8 30. Qh4 Be7 31. Qg3 Bd6 32. h4 Rae8 33. Bd2 Bb4 34. Be3 Bd6 35.
Rac1 Bf5 36. Bd2 Bb4 37. Qe1 Qe7 38. Bc3 Qd6 39. Qe3 Re7 40. Qf3 Be4 41. Qe3
Bf5 42. Rf2 h5 43. Qd2 Rfe8 44. Rf3 Be4 45. Re3 Rf8 46. g3 Rfe8 47. Bxb4 axb4
48. Rb3 Qe6 49. Kh2 Kg7 50. Rxb4 Bf5 51. a5 Ra8 52. Rb6 Qf6 53. a6 Rxa6 54.
Rxa6 bxa6 55. Rxc6 Re6 56. Rc5 Be4 57. b4 Re7 58. Qc3 Qb6 59. Kg1 Rb7 60. Nc6
Rf7 61. Kf2 Qb7 62. Ne5 Re7 63. Rc6 a5 64. Qc5 axb4 65. Qd6 Qa7 66. Qf6+ Kh7
67. Nxg6 Qa2+ 68. Ke1 Qb1+ 69. Kf2 Qb2+ 1/2-1/2

[Event "Benidorm 2003 - sub2300"]
[Site "Benidorm ESP"]
[Date "2003.11.24"]
[Round "4.20"]
[White "Bosque Ortega, Xavier"]
[Black "Carnicero Rodriguez, Luis"]
[Result "1-0"]
[WhiteElo "2258"]
[BlackElo "2146"]
[PlyCount "37"]
[EventDate "2003.11.21"]
[EventType "swiss"]
[EventRounds "9"]
[EventCountry "ESP"]
[Source "lmi"]
[SourceDate "2003.11.21"]

1. d4 e6 2. Nf3 Nf6 3. Bf4 d5 4. e3 Bd6 5. Bg3 O-O 6. Nbd2 b6 7. c3 c5 8. Bd3
Bb7 9. Ne5 Nc6 10. f4 Rc8 11. Bh4 Be7 12. Qf3 g6 13. Qh3 Rc7 14. O-O Ne4 15.
Bxe7 Nxe7 16. Ndf3 Kg7 17. Bxe4 dxe4 18. Ng5 h6 19. Nexf7 1-0

[Event "Benidorm 2003 - sub2300"]
[Site "Benidorm ESP"]
[Date "2003.11.24"]
[Round "4.21"]
[White "Roofdhooft, Marcel"]
[Black "Gomez Cerezo, Diego Jesus"]
[Result "1-0"]
[WhiteElo "2257"]
[BlackElo "2135"]
[PlyCount "38"]
[EventDate "2003.11.21"]
[EventType "swiss"]
[EventRounds "9"]
[EventCountry "ESP"]
[Source "lmi"]
[SourceDate "2003.11.21"]

1. e4 e5 2. Nf3 Nc6 3. d4 d6 4. h3 Nf6 5. Nc3 Be7 6. Bc4 a6 7. Bb3 O-O 8. O-O
Re8 9. Re1 h6 10. dxe5 dxe5 11. Nd5 Bc5 12. c3 Be6 13. Qc2 b5 14. Rd1 Bd6 15.
a4 Na5 16. Nxf6+ Qxf6 17. Bxe6 Qxe6 18. axb5 Nb7 19. Rxa6 Reb8 1-0

[Event "Benidorm 2003 - sub2300"]
[Site "Benidorm ESP"]
[Date "2003.11.24"]
[Round "4.24"]
[White "Zurmely, Frank"]
[Black "Monmeneu Chulia, Victor"]
[Result "1-0"]
[WhiteElo "2235"]
[BlackElo "2133"]
[PlyCount "47"]
[EventDate "2003.11.21"]
[EventType "swiss"]
[EventRounds "9"]
[EventCountry "ESP"]
[Source "lmi"]
[SourceDate "2003.11.21"]

1. e4 e5 2. f4 Nc6 3. Nf3 d5 4. exd5 e4 5. dxc6 exf3 6. Qxf3 bxc6 7. Bb5 Ne7 8.
Nc3 Bd7 9. Ba4 Nd5 10. Bb3 Qe7+ 11. Ne2 Qd6 12. O-O Be7 13. d4 O-O-O 14. c4 Nb4
15. a3 Na6 16. c5 Qf6 17. f5 g5 18. Qc3 Rhe8 19. Qa5 Kb7 20. Bc4 Nb8 21. Rf3
Bc8 22. Rb3+ Ka8 23. Be3 Bxf5 24. Qb4 1-0

[Event "Benidorm 2003 - sub2300"]
[Site "Benidorm ESP"]
[Date "2003.11.24"]
[Round "4.25"]
[White "Palma Macias, Jose Alberto"]
[Black "Gonzalez Marrero, Jacob"]
[Result "0-1"]
[WhiteElo "2149"]
[BlackElo "2229"]
[PlyCount "64"]
[EventDate "2003.11.21"]
[EventType "swiss"]
[EventRounds "9"]
[EventCountry "ESP"]
[Source "lmi"]
[SourceDate "2003.11.21"]

1. e4 c5 2. Nf3 e6 3. Qe2 Nc6 4. d3 g6 5. g3 Bg7 6. Bg2 Nge7 7. O-O d5 8. e5 h6
9. h4 b6 10. c4 Bb7 11. Bf4 Nf5 12. Rd1 dxc4 13. dxc4 Qb8 14. Nbd2 Ncd4 15.
Nxd4 Nxd4 16. Qf1 O-O 17. Bxb7 Qxb7 18. Qg2 Ne2+ 19. Kh1 Qxg2+ 20. Kxg2 Nxf4+
21. gxf4 f6 22. Nf3 fxe5 23. fxe5 Rf4 24. b3 Raf8 25. Rd3 g5 26. hxg5 hxg5 27.
Nxg5 Rxf2+ 28. Kg1 Bxe5 29. Nxe6 Bxa1 30. Rg3+ Kh7 31. Rh3+ Kg6 32. Rg3+ Kh5
0-1